Normal view
MARC view
- The operation research problem solver
Entry Topical Term
001 - CONTROL NUMBER
- control field: 126921
003 - CONTROL NUMBER IDENTIFIER
- control field: NUST
005 - DATE AND TIME OF LATEST TRANSACTION
- control field: 20241114094032.0
008 - FIXED-LENGTH DATA ELEMENTS
- fixed length control field: 241114|| aca||aabn | a|a d
040 ## - CATALOGING SOURCE
- Original cataloging agency: NUST
- Transcribing agency: NUST
150 ## - HEADING--TOPICAL TERM
- Topical term or geographic name entry element: The operation research problem solver
670 ## - SOURCE DATA FOUND
- Source citation: Work cat.: (NUST): Dr. M Fogiel 9906, The operation research problem solver, 1987.
